| 000 | 01097nam a2200205 a 4500 | ||
|---|---|---|---|
| 001 | 000724543 | ||
| 003 | AM-YeHGA | ||
| 005 | 20250617143010.0 | ||
| 008 | 100329s1968 ||| r 000 0 rus d | ||
| 040 | _aAM-YeHGA | ||
| 041 | 0 | _arus | |
| 111 | 2 |
_aВсесоюзная межвузовская научная конференция _d(18-21 апр. 1968 г. _cЛенинград) |
|
| 245 | 1 | 0 |
_aВсесоюзная межвузовская научная конференция "Проблемы технической эстетики и инженерной психологии" : _bТезисы докладов. |
| 260 |
_aЛенинград : _bНаука, _c1968. |
||
| 300 | _a45 с. | ||
| 550 | _aМ-во высш. и среднего спец. образования РСФСР; Ленингр. высш. худож.-промышленное училище им. В.И. Мухиной | ||
| 653 | 0 | _aТехническая эстетика - Тезисы докладов | |
| 653 | 0 | _aИнженерная психология - Тезисы докладов | |
| 090 | _c269342 | ||
| 999 |
_c267707 _d267707 |
||